| 000 | 01789cam a22002894a 4500 | ||
|---|---|---|---|
| 001 | 13585687 | ||
| 003 | ARRUPE | ||
| 005 | 20160330120217.0 | ||
| 008 | 040507s2004 scu b s001 0 eng | ||
| 010 | _a 2004010932 | ||
| 020 | _a1570035539 | ||
| 035 | _a(OCoLC)ocm55220437 | ||
| 040 |
_aDLC _cDLC _dYDX _dPGM _dDLC |
||
| 042 | _apcc | ||
| 050 | 0 | 0 |
_aBT380.3 _b.T35 2004 |
| 082 | 0 | 0 |
_a226.9/06 _222 |
| 100 | 1 |
_aTalbert, Charles H. _911960 |
|
| 245 | 1 | 0 |
_aReading the Sermon on the mount : _bcharacter formation and decision making in Matthew 5-7 / _cCharles H. Talbert. |
| 260 |
_aMichigan. : _bBaker Academic, _c2006. |
||
| 300 |
_a181 p. ; _c24 cm. |
||
| 504 | _aIncludes bibliographical references (p. [149]-160) and indexes. | ||
| 505 | 0 | _aThe setting of the Sermon : what is Matthew's relation to Judaism? -- The context of the Sermon : who speaks and to whom? -- The structure of the Sermon : in what order does Jesus speak? -- The functions of the Sermon : character formation and decision making -- Is Matthew a legalist? : enablement of obedience in response to the Sermon -- A portrait of disciples with promises and expectations : Matthew 5:3-16 -- The antitheses with their heading : Matthew 5:17-48 -- True piety : Matthew 6:1-18 -- God and possessions : Matthew 6:19-34 -- Judging--condemnation and discernment : Matthew 7:1-12 -- Exhortations, warnings, and closing : Matthew 7:13-27; 7:28-8:1 -- A précis : Matthew 4:18-8:1. | |
| 630 | 0 | 0 |
_aSermon on the mount _xCriticism, interpretation, etc. _923494 |
| 906 |
_a7 _bcbc _corignew _d1 _eecip _f20 _gy-gencatlg |
||
| 942 |
_2lcc _cMONOGRAPH |
||
| 999 |
_c124515 _d124515 |
||